00500nam a2200193 a 4500001001300000003000900013005001700022008004100039020001000080082001700090100002400107245003800131260003800169300000800207500003500215505001000250650002200260700002400282nice12345678IN_TiNIC20260116011950.0050524s1929 amra grp 000 0 urd  ac10000a297.63bHUS1 aHusain, Malik Fazal aBarguzida Rasul Gairon Men Maqbul aAmritserbVazeer Hind Pressc1929 a98p aincludes index and biblioraphy2 aIndex aMuhammad, Prophet1 aHusain, Malik Fazal